The Architect's Guide to Writing: For Design and Construction Professionals (Record no. 8787)

000 -LEADER
fixed length control field 00396nam a2200145 4500
003 - CONTROL NUMBER IDENTIFIER
control field OSt
005 - DATE AND TIME OF LATEST TRANSACTION
control field 20210108114032.0
008 - FIXED-LENGTH DATA ELEMENTS--GENERAL INFORMATION
fixed length control field 210108b ||||| |||| 00| 0 eng d
020 ## - INTERNATIONAL STANDARD BOOK NUMBER
International Standard Book Number 9781864705720
082 ## - DEWEY DECIMAL CLASSIFICATION NUMBER
Classification number 808.066
Item number SCH
100 ## - MAIN ENTRY--PERSONAL NAME
Personal name Schmalz Bill
245 ## - TITLE STATEMENT
Title The Architect's Guide to Writing: For Design and Construction Professionals
260 ## - PUBLICATION, DISTRIBUTION, ETC. (IMPRINT)
Place of publication, distribution, etc Australia
Name of publisher, distributor, etc Images publishing
942 ## - ADDED ENTRY ELEMENTS (KOHA)
Source of classification or shelving scheme
Holdings
Withdrawn status Lost status Source of classification or shelving scheme Damaged status Koha normalized classification for sorting Not for loan Permanent location Current location Date acquired Total Checkouts Full call number Barcode Date last seen Date last borrowed Price effective from Koha item type
        808_066000000000000_SCH   BMS College of Architecture, Design and Planning BMS College of Architecture, Design and Planning 2021-01-08 1 808.066 SCH AR-UG2051 2023-01-07 2022-12-23 2021-01-08 UG Books
Copyright © 2025, The Librarian, Library and Information Centre, BMSCA D&P, Bengaluru. All Rights Reserved
web counter

Powered by Koha